| 000 | 01158nam a2200241 a 4500 | ||
|---|---|---|---|
| 001 | 182819 | ||
| 003 | AM-YEHGA | ||
| 005 | 20250618075911.0 | ||
| 008 | 030417s1895 ru ||||gr|||||000|||arm|d | ||
| 040 | _aAM-YeHGA | ||
| 041 | 1 | _aarm | |
| 100 | 1 |
_aՏուրգենև, Իվան Սերգեևիչ _95323 |
|
| 245 | 1 | 0 |
_aԱրձակ բանաստեղծություններ / _cԻ.Ս. Տուրգենև ; Թարգմանեց՝ Ալ. Ծատուրյան. |
| 260 |
_aՄոսկվա : _bտպ. Բ. Բարխուդարյան, _c1895. |
||
| 300 |
_a166 էջ ; _c16 սմ. |
||
| 500 | _aՇարվածքը՝ 13x7 սմ։ | ||
| 501 | _aԱլիգ. 3 : Կազմված է՝ Օլիվեր Գոլդտշմիդտ՝ Գյուղն ամայի.- Վենիս,1871 ; Ջ.Գ. Բայրոն՝ Ծովահենը.-Թեհրան,1911 ; Անակրեոն՝ Տաղք Անակրեոնի.-Կ.Պոլիս,1871։ | ||
| 504 | _aՏողատակում՝ ծանոթագրություններ։ | ||
| 650 | 1 | 4 |
_aՌուս գրականություն _xՊոեզիա |
| 700 | 1 |
_aԾատուրյան, Ալեքսանդր Հովսեփի, _d1865-1917 _eթարգմանիչ _4trl _91663 |
|
| 942 |
_2udc _cBK |
||
| 090 | _c511927 | ||
| 999 |
_c508482 _d508482 |
||